| 000 | 00629nam a22001695i 4500 | ||
|---|---|---|---|
| 001 | 164134 | ||
| 003 | ES-MaACL | ||
| 005 | 20230906212858.0 | ||
| 008 | 050727s1876 sp | |||||||| ||spa d | ||
| 040 |
_aCAM _bspa _cCAM |
||
| 100 | 1 |
_aRuigómez, Andrés. _9100573 |
|
| 245 | 1 | 0 |
_aViaje al fondo de mi tintero _b: coleccion de cuentos y artículos literarios / _cpor Andrés Ruigomez. |
| 260 |
_aMadrid : _b[s.n.], _c1876 ( _fEstablecimiento tipográfico dirigido por José Cayetano Conde) |
||
| 300 |
_a224 p. ; _c16 cm. |
||
| 752 |
_aEspaña - _dMadrid |
||
| 852 |
_aES-MaACL _jD-1635 _z-- Enc. hol. _z-- Legado M. de la Fuente |
||
| 999 |
_c164134 _d164134 |
||